<A> Handbook of Cultural Economics

Gespeichert in:
Bibliographische Detailangaben
Weitere Verfasser: Towse, Ruth
Format: Buch
Sprache:Englisch
Veröffentlicht: Cheltenham Edward Elgar 2011
Ausgabe:2nd Edition
Schlagworte:
Tags: Tag hinzufügen
Keine Tags, Fügen Sie das erste Tag hinzu!

MARC

LEADER 00000nam a2200000 4500
001 0277181
005 20240313132937.1
020 |a 978-0-85793-103-0 
020 |a 978-1-84844-887-2 
041 0 |a eng 
044 |a GB 
245 1 0 |a <A> Handbook of Cultural Economics  |c Edited by: Ruth Towse 
250 |a 2nd Edition 
264 1 |a Cheltenham  |b Edward Elgar  |c 2011 
300 |a 439 s. 
610 2 0 |a kultúra 
610 2 0 |a ekonómia 
610 2 0 |a umenie 
610 2 0 |a kreativita 
610 2 0 |a podnikanie 
700 1 |a Towse, Ruth